Statistiques concernant đź“–đź’¬ Paroles "La Cigale et la Fourmi" La Fontaine

Cliquez ici pour prendre le quiz!

Statistiques générales

  • Ce quiz a Ă©tĂ© pris 697 fois
  • Le rĂ©sultat moyen est 86 sur 109

Statistiques - réponses

Mots% Correct
Ă 
100%
c'
100%
Cigale
100%
l'
100%
la
100%
lĂ 
100%
La
100%
chanté
99%
d'
99%
Eh
99%
et
99%
été,
99%
Fourmi
99%
Tout
99%
tout
99%
de
98%
De
98%
Se
98%
ayant
97%
fort
96%
fut
96%
Quand
96%
trouva
95%
venue.
95%
dépourvue
94%
bise
92%
sa
90%
Elle
88%
elle,
88%
elle
88%
Pas
87%
pas
87%
voisine,
87%
n'
86%
alla
85%
bien !
85%
Chez
85%
maintenant.
83%
dansez
82%
j'
82%
un
81%
est
80%
Que
80%
vous
80%
Vous
80%
son
78%
pour
77%
ou
76%
famine
75%
prĂŞteuse,
75%
crier
74%
en
74%
morceau
74%
défaut.
73%
petit
73%
vermisseau.
72%
chantiez ?
71%
Je
71%
lui
71%
suis
71%
aise,
70%
seul
70%
faisiez-
69%
Dit-
68%
dit-
68%
moindre
68%
grain
66%
au
65%
prĂŞter
65%
Quelque
64%
chantais,
63%
saison
63%
priant
62%
ne
61%
subsister
61%
Jusqu'
59%
temps
59%
foi
58%
animal,
56%
chaud ?
56%
déplaise.
56%
Intérêt
55%
nouvelle.
55%
principal.
55%
cette
54%
mouche
51%
emprunteuse.
49%
paierai,
49%
Avant
48%
août,
45%
jour
44%
Nuit
43%
venant,
38%

Distribution des résultats

Percentile par nombre de réponses

% des personnes avec chaque résultat

Votre développement - résultats

Vous n’avez pas pris ce quiz